[Event "Dos Hermanas Internet qual-E 10th"]
[Site "ICC INT"]
[Date "2009.03.15"]
[Round "12"]
[White "De Prado Rodriguez, Oscar Bruno"]
[Black "Pantoja Vera, Jorge"]
[Result "1-0"]
[WhiteElo "2195"]
[BlackElo "2132"]
[PlyCount "103"]
[EventDate "2009.03.15"]
[EventType "swiss (blitz)"]
[EventRounds "12"]
[EventCountry "ESP"]
[SourceTitle "CBM 129 Extra"]
[Source "ChessBase"]
[SourceDate "2009.05.05"]
[SourceVersion "2"]
[SourceVersionDate "2009.05.20"]
[SourceQuality "1"]

1. d4 d5 2. Bg5 f6 3. Bh4 c6 4. c3 Nd7 5. Nd2 e5 6. dxe5 Nxe5 7. e4 dxe4 8. Nxe4 Qxd1+ 9. Rxd1 Bf5 10. Nd6+ Bxd6 11. Rxd6 Ke7 12. Rd2 Nh6 13. f4 Nd7 14. h3 Rhe8 15. g4 Kf8+ 16. Re2 Be6 17. f5 Bxa2 18. Nf3 Bc4 19. Rxe8+ Rxe8+ 20. Kf2 Bxf1 21. Rxf1 Nc5 22. b4 Ne4+ 23. Kg2 Nxc3 24. Ra1 a6 25. Rc1 Nd5 26. Nd4 Kf7 27. Be1 g6 28. fxg6+ hxg6 29. Bd2 Ng8 30. Rf1 Ne3+ 31. Bxe3 Rxe3 32. Rb1 Ne7 33. Nb3 Nd5 34. Nc5 Nf4+ 35. Kf2 Rxh3 36. Nxb7 Nd5 37. Na5 Rc3 38. Nb7 Ke6 39. Nc5+ Ke5 40. Nxa6 Kf4 41. b5 cxb5 42. Rxb5 Ne3 43. Rb4+ Kg5 44. Nb8 Nxg4+ 45. Ke1 f5 46. Nd7 Ne3 47. Nf8 Nd5 48. Rb7 Nf4 49. Nh7+ Kg4 50. Nf6+ Kg3 51. Nd7 Rc2 52. Kd1 1-0

[Event "Dos Hermanas Internet qual-E 10th"]
[Site "ICC INT"]
[Date "2009.03.15"]
[Round "10"]
[White "Latorre Lopez Moreira, Luis Matias"]
[Black "Pantoja Vera, Jorge"]
[Result "0-1"]
[WhiteElo "1967"]
[BlackElo "2132"]
[PlyCount "92"]
[EventDate "2009.03.15"]
[EventType "swiss (blitz)"]
[EventRounds "12"]
[EventCountry "ESP"]
[SourceTitle "CBM 129 Extra"]
[Source "ChessBase"]
[SourceDate "2009.05.05"]
[SourceVersion "2"]
[SourceVersionDate "2009.05.20"]
[SourceQuality "1"]

1. e4 d5 2. exd5 Qxd5 3. Nc3 Qa5 4. d4 Nf6 5. Bd2 Nc6 6. Nf3 Bg4 7. Nb5 Qb6 8. c3 a6 9. Na3 e5 10. Nc4 Qa7 11. dxe5 Nd7 12. Be3 Bc5 13. Bxc5 Qxc5 14. Bd3 0-0-0 15. Qe2 Ndxe5 16. Ncxe5 Nxe5 17. Qxe5 Rhe8 18. 0-0 Rxe5 19. Nxe5 Qxe5 20. Rfe1 Qf6 21. Bc4 Be6 22. Bd3 h5 23. Re3 h4 24. h3 g5 25. Rae1 g4 26. hxg4 Bxg4 27. f3 Be6 28. b4 h3 29. g3 h2+ 30. Kxh2 Qh6+ 31. Kg1 Qh3 32. R1e2 Qxg3+ 33. Rg2 Qf4 34. Kf2 Bxa2 35. Rg4 Qh2+ 36. Rg2 Qh4+ 37. Ke2 Bc4 38. Bxc4 Qxc4+ 39. Ke1 Qb3 40. Rge2 Rd1+ 41. Kf2 b6 42. Re8+ Kb7 43. R8e3 Qd5 44. Re5 Qd3 45. R5e3 Qg6 46. Re4 Qg1# 0-1

[Event "Dos Hermanas Internet qual-C 10th"]
[Site "ICC INT"]
[Date "2009.03.14"]
[Round "5"]
[White "Pantoja Vera, Jorge"]
[Black "Falcon Perez, Gustavo"]
[Result "0-1"]
[WhiteElo "2132"]
[BlackElo "2168"]
[PlyCount "70"]
[EventDate "2009.03.14"]
[EventType "swiss (blitz)"]
[EventRounds "12"]
[EventCountry "ESP"]
[SourceTitle "CBM 129 Extra"]
[Source "ChessBase"]
[SourceDate "2009.05.05"]
[SourceVersion "2"]
[SourceVersionDate "2009.05.20"]
[SourceQuality "1"]

1. e4 c5 2. c3 e6 3. d4 d5 4. e5 Nc6 5. Be3 b6 6. Nf3 f6 7. Bd3 Qc7 8. Na3 a6 9. Nc2 fxe5 10. dxe5 Nxe5 11. 0-0 Nf6 12. Re1 Bd6 13. h3 0-0 14. Bg5 Nxf3+ 15. Qxf3 h6 16. Bxf6 Rxf6 17. Qh5 e5 18. Ne3 Bb7 19. Ng4 Raf8 20. Nxf6+ Rxf6 21. Rad1 e4 22. Bc2 Bf4 23. c4 dxc4 24. Qe8+ Rf8 25. Qd7 Qxd7 26. Rxd7 Bc6 27. Ra7 a5 28. Bxe4 Bd2 29. Re2 Bxe4 30. Rxe4 Rf7 31. Re8+ Rf8 32. Ree7 Rf6 33. Rxg7+ Kf8 34. Rgc7 Re6 35. Rh7 Kg8 0-1